Central Library OPAC University of Rajshahi

নাট্য চিন্তা / (Record no. 53361)

MARC details
000 -LEADER
fixed length control field 00925nam a2200229 a 4500
001 - CONTROL NUMBER
control field 53361
003 - CONTROL NUMBER IDENTIFIER
rucl marc code BD-RjUL
005 - DATE AND TIME OF LATEST TRANSACTION
control field 20211209075941.0
008 - FIXED-LENGTH DATA ELEMENTS--GENERAL INFORMATION
fixed length control field 161016s1965 enka 001 0 ben d
020 ## - INTERNATIONAL STANDARD BOOK NUMBER
Terms of availability : IRs. 12.50
035 ## - SYSTEM CONTROL NUMBER
System control number (BD-RjUL)53481
040 ## - CATALOGING SOURCE
Original cataloging agency ITD
Transcribing agency ITD
Modifying agency WSU
-- UKM
-- CGU
-- CStRLIN
-- BD-RjUL
Language of cataloging ben
041 ## - LANGUAGE CODE
Language code of text/sound track or separate title ben
082 04 - DEWEY DECIMAL CLASSIFICATION NUMBER
Classification number 891.44209
Edition number 23
Author mark and year NAT 1965
245 ## - TITLE STATEMENT
Title নাট্য চিন্তা /
Statement of responsibility, etc. সুত্রধার সম্পাদিত
260 ## - PUBLICATION, DISTRIBUTION, ETC. (IMPRINT)
Place of publication, distribution, etc. কলিকাতা :
Name of publisher, distributor, etc. জাতীয় সাহিত্য পরিষদ,
Date of publication, distribution, etc. ১৯৬৫ (১৩৭২)
300 ## - PHYSICAL DESCRIPTION
Pagination ৩১৮ পৃ. :
Illustrations চিত্র ;
Size ২৩ সেমি.
650 ## - SUBJECT ADDED ENTRY--TOPICAL TERM
Topical term or geographic name as entry element বাংলা নাটক
Form subdivision ইতিহাস ও সমালোচনা
9 (RLIN) 123606
Topical term or geographic name as entry element Bengali drama
Form subdivision History and Criticism
9 (RLIN) 117436
700 ## - ADDED ENTRY--PERSONAL NAME
Personal name সুত্রধার সম্পাদক
942 ## - ADDED ENTRY ELEMENTS (KOHA)
Source of classification or shelving scheme Dewey Decimal Classification
Koha item type Books
Holdings
Lost status Source of classification or shelving scheme Damaged status Not for loan Collection code Permanent Location Current Location Shelving location Date acquired Source of acquisition Cost, normal purchase price Total Checkouts Full call number Date last seen Copy number Koha item type
  Dewey Decimal Classification     Non-fiction Central Library, University of Rajshahi Central Library, University of Rajshahi   04/11/1978 India International, kolikata. 14.00   B 891.44209 NAT 1965 16/10/2016 C-2 Books
  Dewey Decimal Classification   Not For Loan Non-fiction Central Library, University of Rajshahi Central Library, University of Rajshahi Reading Room 05/11/1974 Jonathan Omaren & Co. 14.00   B 891.44209 NAT 1965 08/04/2017 C-1 Books
  Dewey Decimal Classification     Fiction Central Library, University of Rajshahi Central Library, University of Rajshahi   15/08/1973 Indian High commission office 0.00   B 891.44209 NAT 1965 01/11/2017 C-3 Books